| 000 | 00506cam a2200205ua 4500 | ||
|---|---|---|---|
| 001 | 4244 | ||
| 005 | 20260515113815.0 | ||
| 008 | 111221n ii |||gr||||Z||||||asm | ||
| 040 | _cMAIN | ||
| 082 | _a891.4513 | ||
| 100 | 1 | _aCorbet, Jim, | |
| 245 | 1 | 1 |
_aMandirar bagh _cby Jim Corbet |
| 250 | _a1st. | ||
| 260 |
_aGuwahati: _bPublication board assam,985. |
||
| 300 |
_a195p: _c25cm. |
||
| 653 | _aAssamese fiction | ||
| 653 | _aMandirar bagh | ||
| 700 | 1 |
_aChoudhury, Biraj, _eTranslator., |
|
| 942 | _cBK | ||
| 999 |
_c4061 _d4061 |
||